MARC

LEADER 00000nam0a2200000 4500
001 121240
005 20231031125329.0
035 |a (RuTPU)RU\TPU\book\131304 
090 |a 121240 
100 |a 20070911d1963 k y0rusy50 ca 
101 0 |a rus 
102 |a RU 
105 |a a z 001zy 
200 1 |a Обзор геологических понятий и терминов в применении к металлогении  |f Академия наук СССР (АН СССР), Институт геологии рудных месторождений, петрографии, минералогии и геохимии (ИГЕМ) ; под ред. Е. Т. Шаталова 
210 |a Москва  |c Изд-во Академии наук СССР  |d 1963 
215 |a 183 с.  |c ил. 
320 |a Библиография в конце глав. 
610 1 |a обзоры 
610 1 |a геологические понятия 
610 1 |a термины 
610 1 |a применение 
610 1 |a металлогения 
675 |a 553.3/4  |v 3 
702 1 |a Шаталов  |b Е. Т.  |4 340 
712 0 2 |a Академия наук СССР (АН СССР)  |b Институт геологии рудных месторождений, петрографии, минералогии и геохимии (ИГЕМ)  |c (Москва)  |2 stltpush  |3 (RuTPU)RU\TPU\col\11398 
801 1 |a RU  |b 63413507  |c 20070911  |g PSBO 
801 2 |a RU  |b 63413507  |c 20110718  |g PSBO 
942 |c BK